| 000 | 00861cam a22001935a 4500 | ||
|---|---|---|---|
| 001 | L156317 | ||
| 008 | 120514s1805 xxk f 000 0 eng d | ||
| 035 | _a(Sirsi) u156317 | ||
| 041 | 0 | _aeng | |
| 100 | 1 |
_aAnville, Jean Baptiste Bourgignon d' _d1697-1782 |
|
| 245 | 0 | 2 |
_aA complete body of ancient geography _cBy Mons. d'Anville, ... Neatly engraved on thirteen plates; ... The whole materially improved, by inserting the modern names of places under the ancient |
| 260 |
_aLondon _bPrinted and published by Robert Laurie and James Whittle, map, chart, & print-sellers, no. 53, Fleet Street _c1805 |
||
| 300 |
_a[2], 13 plates (col.) _bmaps _cfol. |
||
| 520 | _aWith 13 coloured maps, all except no. 9 double-page format. | ||
| 583 |
_aCondition reviewed _c20110620 _lcondition level 4 |
||
| 651 | 4 | _aInternational | |
| 690 |
_aGeomatics _96242 |
||
| 942 | _n0 | ||
| 999 |
_c114177 _d114177 |
||